000 00422nam a2200181Ia 4500
005 20240921120750.0
008 240921s9999||||xx |||||||||||||| ||und||
041 _aENGLISH
082 _A516 K0
100 _aMorries I H
245 0 _aGeometrical Drawing for Art Students
250 _a1st
260 _c1960
_bOrient,Bombay
500 _aScales
650 _aDrawing
_bMathematics
942 _cBK
999 _c247497
_d247497